[Event "14PCR_F"]
[Site "?"]
[Date "2005.??.??"]
[Round "?"]
[White "Kuchtova, Ruzena"]
[Black "Pecka, Josef"]
[Result "0-1"]
[WhiteElo "2216"]
[BlackElo "2309"]
[PlyCount "86"]
[EventDate "2005.??.??"]
[EventType "corr"]
[SourceDate "2006.01.10"]

1. d4 d5 2. Nf3 c6 3. c4 Nf6 4. e3 Bf5 5. Nc3 e6 6. Bd3 Bxd3 7. Qxd3 Bb4 8. O-O
Nbd7 9. Bd2 a5 10. a3 Be7 11. b3 O-O 12. Rfe1 Qb6 13. e4 dxe4 14. Nxe4 Nxe4 15.
Rxe4 Rfd8 16. Bf4 c5 17. d5 Nf6 18. Ree1 Bf8 19. Be5 exd5 20. Bxf6 Qxf6 21.
cxd5 Qa6 22. Qf5 g6 23. Qe4 a4 24. bxa4 Qxa4 25. Qd3 c4 26. Qd4 Rac8 27. Ng5
Qa5 28. Rad1 c3 29. Qf4 Qc7 30. Qf3 Bxa3 31. Qh3 h5 32. Ne4 Qe5 33. f4 Qf5 34.
Qxf5 gxf5 35. Nxc3 Rxc3 36. Re5 Bc5+ 37. Kf1 b5 38. Rxf5 h4 39. Rg5+ Kh7 40. d6
b4 41. Rdd5 Bxd6 42. Rg4 Kh6 43. Rf5 Be7 0-1

[Event "14PCR_F"]
[Site "?"]
[Date "2005.??.??"]
[Round "?"]
[White "Kuchtova, Ruzena"]
[Black "Pytlik, Lesek"]
[Result "0-1"]
[WhiteElo "2216"]
[BlackElo "2367"]
[PlyCount "116"]
[EventDate "2005.??.??"]
[EventType "corr"]
[SourceDate "2006.01.10"]

1. d4 Nf6 2. Nf3 d5 3. c4 c6 4. Nc3 dxc4 5. e3 b5 6. a4 b4 7. Na2 e6 8. Bxc4 a5
9. O-O Nbd7 10. Qe2 Be7 11. e4 O-O 12. Bf4 c5 13. Rfd1 Bb7 14. Ne5 cxd4 15.
Rxd4 Qc8 16. Nxd7 Nxd7 17. Rad1 Nf6 18. Bg5 Qc5 19. Be3 Qe5 20. f3 Bc5 21. R4d2
Bxe4 22. fxe4 Bxe3+ 23. Qxe3 Ng4 24. Qg3 Qc5+ 25. Rd4 Rad8 26. Bd5 Nf6 27. Nc1
exd5 28. Nb3 Qa7 29. e5 Nd7 30. h3 Nb6 31. Qf2 Ra8 32. Rg4 g6 33. Rf4 Rfe8 34.
Qd4 Re7 35. Rd2 Nxa4 36. Qxa7 Rexa7 37. Rf6 Rd7 38. Kh2 Kg7 39. Nd4 Re7 40. Nc6
Rxe5 41. Rdf2 Rf5 42. R6xf5 gxf5 43. Ne7 Nb6 44. Nxf5+ Kf8 45. b3 a4 46. bxa4
Nxa4 47. Nd4 Nc5 48. Rd2 Rc8 49. Rc2 Ke7 50. g4 Kd7 51. Kg2 b3 52. Rb2 Kd6 53.
h4 Rb8 54. Kf3 Ne6 55. Ke3 Nxd4 56. Kxd4 Rb4+ 57. Kc3 Kc5 58. g5 Rc4+ 0-1

[Event "14PCR_F"]
[Site "?"]
[Date "2005.??.??"]
[Round "?"]
[White "Zahour, Jiri"]
[Black "Bednarik, Radovan"]
[Result "1-0"]
[WhiteElo "2303"]
[BlackElo "2201"]
[PlyCount "99"]
[EventDate "2005.??.??"]
[EventType "corr"]
[SourceDate "2006.01.10"]

1. e4 e5 2. Nf3 d6 3. d4 exd4 4. Nxd4 Nf6 5. Nc3 Be7 6. f3 O-O 7. Bc4 Nbd7 8.
Nf5 Ne5 9. Nxe7+ Qxe7 10. Bb3 Be6 11. O-O a6 12. Bg5 h6 13. Bh4 Ng6 14. Bf2
Bxb3 15. axb3 c6 16. Qd2 Rad8 17. Rfe1 Rfe8 18. Bb6 Rd7 19. Rad1 Qe5 20. Bd4
Qe6 21. Na4 Rdd8 22. Bb6 Qe5 23. Bxd8 Rxd8 24. Nb6 Ne8 25. Nc4 Qe7 26. Ne3 Qe5
27. Qd4 Qg5 28. Nf5 Rd7 29. c3 Kh7 30. Qd2 Qf6 31. b4 Ne7 32. Ng3 Qg6 33. b3
Kg8 34. c4 Nc7 35. f4 Qg4 36. f5 h5 37. e5 Nxf5 38. Nxf5 Qxf5 39. exd6 Ne6 40.
Qe3 h4 41. c5 Qg4 42. Rc1 h3 43. Qxh3 Qxh3 44. gxh3 Kh8 45. Re5 Kg8 46. Rf1 Kh7
47. Kf2 Kh6 48. Kf3 Kg6 49. Rxe6+ fxe6 50. Ke4 1-0

[Event "14PCR_F"]
[Site "?"]
[Date "2005.??.??"]
[Round "?"]
[White "Bednarik, Radovan"]
[Black "Janecek, Josef"]
[Result "0-1"]
[WhiteElo "2201"]
[BlackElo "2227"]
[PlyCount "98"]
[EventDate "2005.??.??"]
[EventType "corr"]
[SourceDate "2006.01.10"]

1. d4 Nf6 2. c4 g6 3. Nc3 d5 4. Nf3 Bg7 5. cxd5 Nxd5 6. e4 Nxc3 7. bxc3 c5 8.
Bb5+ Nc6 9. O-O cxd4 10. cxd4 O-O 11. Bxc6 bxc6 12. Ba3 Bg4 13. Rc1 Qa5 14. Qd3
Bxf3 15. Qxf3 Bxd4 16. Rxc6 Rac8 17. Rxc8 Rxc8 18. Bxe7 Qxa2 19. Bf6 Bxf6 20.
Qxf6 a5 21. Qa6 Rb8 22. Qd6 Qb2 23. Qd7 Qe5 24. f3 Qc5+ 25. Kh1 Qc2 26. Rg1 a4
27. e5 Qb3 28. f4 a3 29. f5 gxf5 30. Qxf5 Qe6 31. Qg5+ Kh8 32. Qc1 a2 33. Qc2
Rb5 34. Ra1 Rxe5 35. Qc3 f6 36. h3 Re2 37. Rf1 Re3 38. Qa5 Rb3 39. Qc5 Kg7 40.
Qc7+ Qf7 41. Qc2 Qd5 42. Qc7+ Kg6 43. Qc8 Rg3 44. Qc2+ f5 45. Kg1 Qd4+ 46. Kh1
a1=Q 47. Qxf5+ Kh6 48. Rxa1 Qxa1+ 49. Kh2 Rg8 0-1

[Event "14PCR_F"]
[Site "?"]
[Date "2005.??.??"]
[Round "?"]
[White "Nosek, Jaroslav"]
[Black "Bednarik, Radovan"]
[Result "1-0"]
[WhiteElo "2284"]
[BlackElo "2201"]
[PlyCount "95"]
[EventDate "2005.??.??"]
[EventType "corr"]
[SourceDate "2006.01.10"]

1. d4 d5 2. c4 c6 3. Nf3 Nf6 4. Nc3 dxc4 5. a4 Bf5 6. Ne5 e6 7. f3 Bb4 8. e4
Bxe4 9. fxe4 Nxe4 10. Bd2 Qxd4 11. Nxe4 Qxe4+ 12. Qe2 Bxd2+ 13. Kxd2 Qd5+ 14.
Kc2 Na6 15. Nxc4 O-O 16. Qe5 Rfd8 17. Be2 Nb4+ 18. Kc3 Qxe5+ 19. Nxe5 Nd5+ 20.
Kb3 f6 21. Nc4 e5 22. Bf3 Rd7 23. a5 Rad8 24. Rad1 g6 25. h4 h5 26. a6 b6 27.
g4 hxg4 28. Bxg4 Rh7 29. Be6+ Kg7 30. Ne3 Rd6 31. Bxd5 cxd5 32. Rxd5 Rxd5 33.
Nxd5 g5 34. h5 f5 35. Rc1 g4 36. Rc7+ Kh6 37. Rb7 Rh8 38. Rxa7 g3 39. Ne3 f4
40. Ng4+ Kxh5 41. Nxe5 Rf8 42. Kc4 g2 43. Rg7 f3 44. Nxf3 Rxf3 45. Rxg2 Rf4+
46. Kd5 Ra4 47. Rg3 Rxa6 48. Ra3 1-0

[Event "14PCR_F"]
[Site "?"]
[Date "2005.??.??"]
[Round "?"]
[White "Mudra, Oldrich"]
[Black "Pecka, Josef"]
[Result "1/2-1/2"]
[WhiteElo "2097"]
[BlackElo "2309"]
[PlyCount "62"]
[EventDate "2005.??.??"]
[EventType "corr"]
[SourceDate "2006.01.10"]

1. Nf3 d5 2. d4 c6 3. c4 Nf6 4. Nc3 dxc4 5. a4 Bf5 6. e3 e6 7. Bxc4 Nbd7 8. O-O
Bd6 9. Re1 Bb4 10. Bd2 O-O 11. Ne4 Nxe4 12. Bxb4 Re8 13. a5 Qf6 14. Nd2 e5 15.
Nxe4 Bxe4 16. f3 Bf5 17. Bc3 Qg6 18. e4 Be6 19. Bxe6 Qxe6 20. dxe5 Rad8 21. Qe2
Nxe5 22. Rad1 f6 23. f4 Nf7 24. Bd4 a6 25. b4 Qb3 26. Rb1 Qe6 27. Bc5 Rd7 28.
Rbd1 Rxd1 29. Qxd1 Rd8 30. Qf3 Rc8 31. Bd4 Re8 1/2-1/2

[Event "14PCR_F"]
[Site "?"]
[Date "2005.??.??"]
[Round "?"]
[White "Firla, Stanislav"]
[Black "Zahour, Jiri"]
[Result "1/2-1/2"]
[WhiteElo "2326"]
[BlackElo "2303"]
[PlyCount "106"]
[EventDate "2005.??.??"]
[EventType "corr"]
[SourceDate "2006.01.10"]

1. d4 d5 2. c4 c6 3. Nc3 Nf6 4. Nf3 dxc4 5. a4 Bf5 6. Ne5 Nbd7 7. Nxc4 Qc7 8.
g3 e5 9. dxe5 Nxe5 10. Bf4 Nfd7 11. Bg2 f6 12. O-O Nc5 13. Ne3 Bg6 14. b4 Ne6
15. b5 Rd8 16. Qb3 Nd4 17. Qb2 Bc5 18. Rfc1 O-O 19. Ne4 Be7 20. Nd5 Rxd5 21.
Nxf6+ Bxf6 22. Bxd5+ Kh8 23. Qxd4 Qd6 24. bxc6 bxc6 25. Rxc6 Nxc6 26. Bxd6 Nxd4
27. Bxf8 Nxe2+ 28. Kf1 Nxg3+ 29. fxg3 Bxa1 30. Bc5 a5 31. Ke2 Bc3 32. Be3 Be8
33. Bb3 h5 34. Kd3 Bb4 35. Ke4 Kh7 36. Ke5 Kg6 37. Bd1 Bc3+ 38. Ke6 Bf7+ 39.
Kd6 Kf6 40. Kc5 Ke5 41. Kb5 Be8+ 42. Ka6 Ke4 43. Bg5 Bd7 44. Bxh5 Bxa4 45. Bd8
Bd7 46. Bxa5 Bxa5 47. Kxa5 Ke3 48. Kb6 Kf2 49. Kc7 Bh3 50. Kd6 Kg2 51. Ke5 Kxh2
52. Kf4 g5+ 53. Kxg5 Kxg3 1/2-1/2

[Event "14PCR_F"]
[Site "?"]
[Date "2005.??.??"]
[Round "?"]
[White "Hladecek, Miloslav"]
[Black "Zahour, Jiri"]
[Result "1-0"]
[WhiteElo "2306"]
[BlackElo "2303"]
[PlyCount "81"]
[EventDate "2005.??.??"]
[EventType "corr"]
[SourceDate "2006.01.10"]

1. e4 Nf6 2. e5 Nd5 3. d4 d6 4. c4 Nb6 5. Nf3 g6 6. Nc3 Bg7 7. Be3 O-O 8. c5
N6d7 9. cxd6 cxd6 10. exd6 exd6 11. Be2 Nb6 12. O-O Nc6 13. d5 Ne5 14. Nxe5
Bxe5 15. a4 Re8 16. a5 Nd7 17. Qd2 Nc5 18. Ra3 a6 19. b4 Qh4 20. f4 Bxc3 21.
Qxc3 Ne4 22. Qd4 Bf5 23. Qb2 Bg4 24. Bd3 Rac8 25. b5 Nc5 26. Bxc5 Rxc5 27. bxa6
bxa6 28. Bxa6 Qe7 29. Rfa1 Rxd5 30. Bb7 Bd1 31. h3 Qe1+ 32. Kh2 Rd2 33. Qb5 d5
34. Bxd5 Rd8 35. Bb7 Qf2 36. Qe5 Re2 37. Qg5 Rd7 38. a6 h6 39. Qg3 Qa7 40. Rc3
Kh7 41. Rc8 1-0

[Event "14PCR_F"]
[Site "?"]
[Date "2005.??.??"]
[Round "?"]
[White "Bednarik, Radovan"]
[Black "Hladecek, Miloslav"]
[Result "1/2-1/2"]
[WhiteElo "2201"]
[BlackElo "2306"]
[PlyCount "71"]
[EventDate "2005.??.??"]
[EventType "corr"]
[SourceDate "2006.01.10"]

1. d4 d5 2. c4 e6 3. Nc3 Nf6 4. Nf3 Nbd7 5. Bf4 dxc4 6. e4 Bb4 7. Nd2 c5 8. Bd6
Bxc3 9. bxc3 cxd4 10. e5 dxc3 11. Nxc4 b5 12. exf6 bxc4 13. fxg7 Rg8 14. Bxc4
Qg5 15. O-O Bb7 16. g3 Qf5 17. f3 Rc8 18. Qa4 Rxg7 19. Bb5 f6 20. Rab1 Kd8 21.
Rbc1 Bxf3 22. Bb4 Qe4 23. Rce1 Qd5 24. Ba5+ Nb6 25. Qa3 Qc5+ 26. Qxc5 Rxc5 27.
Rxf3 Rxb5 28. Bxc3 Kd7 29. Bxf6 Rf7 30. Kf2 Nd5 31. Bd4 Rxf3+ 32. Kxf3 Ra5 33.
Re2 Ra4 34. Rd2 a6 35. Be5 h5 36. Bd4 1/2-1/2

[Event "14PCR_F"]
[Site "?"]
[Date "2005.??.??"]
[Round "?"]
[White "Mudra, Oldrich"]
[Black "Kuchtova, Ruzena"]
[Result "1/2-1/2"]
[WhiteElo "2097"]
[BlackElo "2216"]
[PlyCount "75"]
[EventDate "2005.??.??"]
[EventType "corr"]
[SourceDate "2006.01.10"]

1. Nf3 d5 2. d4 Nf6 3. c4 e6 4. Nc3 c6 5. e3 Nbd7 6. Qc2 Bd6 7. Be2 O-O 8. O-O
dxc4 9. Bxc4 e5 10. Bb3 h6 11. h3 Re8 12. a4 exd4 13. Nxd4 Nc5 14. Bc4 a5 15.
b3 Qe7 16. Rd1 Bd7 17. Ba3 Rad8 18. Nf3 b6 19. Bb2 Be6 20. Ne2 Bd7 21. Nf4 Qe4
22. Qxe4 Nfxe4 23. Nd3 Be6 24. Nxc5 Nxc5 25. Bxe6 Nxe6 26. Rac1 Nc5 27. Kf1 Be7
28. Rxd8 Rxd8 29. Bd4 f6 30. Nd2 Rd5 31. Ke2 Kf7 32. Rd1 b5 33. axb5 cxb5 34.
Ra1 Nb7 35. Bc3 Bc5 36. g4 Bb6 37. Ra2 g6 38. Nf3 1/2-1/2

[Event "14PCR_F"]
[Site "?"]
[Date "2005.??.??"]
[Round "?"]
[White "Zahour, Jiri"]
[Black "Koci, Vladimir"]
[Result "1-0"]
[WhiteElo "2303"]
[BlackElo "2292"]
[PlyCount "93"]
[EventDate "2005.??.??"]
[EventType "corr"]
[SourceDate "2006.01.10"]

1. e4 g6 2. d4 Bg7 3. c4 d6 4. Nc3 Nf6 5. Nf3 Bg4 6. Be2 O-O 7. Be3 Nc6 8. d5
Bxf3 9. Bxf3 Ne5 10. Be2 c6 11. O-O c5 12. f4 Ned7 13. Qc2 a6 14. Rad1 Ne8 15.
f5 Ne5 16. Qd2 Nf6 17. Bf4 Nfd7 18. Bg5 Bf6 19. Bh6 Bg7 20. Bg5 Nf6 21. Qe3 Rb8
22. Bf4 Nfd7 23. fxg6 hxg6 24. Qh3 b5 25. cxb5 axb5 26. Bxb5 c4 27. Be3 Nc5 28.
Bxc5 dxc5 29. a4 Nd3 30. Rd2 Bd4+ 31. Kh1 Qa5 32. Rc2 Qb4 33. Nd1 Qb3 34. Rd2
Qb4 35. Re2 Rb6 36. e5 Nxe5 37. Qh4 f6 38. Qh6 Rf7 39. Qh3 Rd6 40. Nc3 f5 41.
Qg3 Nd3 42. Be8 Rg7 43. Nb5 Rf6 44. d6 f4 45. Qg5 f3 46. gxf3 Rf5 47. Qg4 1-0

[Event "14PCR_F"]
[Site "?"]
[Date "2005.??.??"]
[Round "?"]
[White "Houdek, Vladimir"]
[Black "Koci, Vladimir"]
[Result "1-0"]
[WhiteElo "2151"]
[BlackElo "2292"]
[PlyCount "91"]
[EventDate "2005.??.??"]
[EventType "corr"]
[SourceDate "2006.01.10"]

1. Nf3 Nf6 2. c4 d5 3. cxd5 Qxd5 4. Nc3 Qa5 5. d4 Bf5 6. e3 c6 7. Be2 Nbd7 8.
O-O Ne4 9. Nxe4 Bxe4 10. Nd2 f5 11. Nxe4 fxe4 12. Bd2 Qd5 13. f3 Nf6 14. fxe4
Nxe4 15. Bf3 Qe6 16. Bxe4 Qxe4 17. Rf4 Qd5 18. Qg4 g6 19. Raf1 Bg7 20. Bb4 Rf8
21. Rxf8+ Bxf8 22. a3 b6 23. Rf3 a5 24. Bc3 Rd8 25. Rh3 Qg8 26. Qf4 Rd6 27. e4
Bg7 28. e5 Rd8 29. Qg4 a4 30. Qe2 b5 31. Qe4 Rd5 32. Ba5 Qe6 33. Rxh7 Kf7 34.
Bb4 Qf5 35. Qxf5+ gxf5 36. Bxe7 Kxe7 37. Rxg7+ Kf8 38. Rg5 Rxd4 39. Rxf5+ Ke7
40. h3 c5 41. g4 b4 42. g5 Rd1+ 43. Kg2 Ke6 44. Rf2 Kxe5 45. h4 Rd4 46. Kg3 1-0

[Event "14PCR_F"]
[Site "?"]
[Date "2005.??.??"]
[Round "?"]
[White "Hladecek, Miloslav"]
[Black "Nosek, Jaroslav"]
[Result "1-0"]
[WhiteElo "2306"]
[BlackElo "2284"]
[PlyCount "83"]
[EventDate "2005.??.??"]
[EventType "corr"]
[SourceDate "2006.01.10"]

1. e4 e5 2. Nf3 Nc6 3. Bc4 Nf6 4. Ng5 Bc5 5. Nxf7 Bxf2+ 6. Kf1 Qe7 7. Nxh8 d5
8. exd5 Nd4 9. d6 Qxd6 10. Nf7 Qc5 11. d3 e4 12. b4 Qf5 13. dxe4 Nxe4 14. g4
Qg6 15. h3 Qc6 16. Ne5 Qf6 17. Nf3 Be3 18. Bxe3 Nxf3 19. Bd3 Nh4+ 20. Ke1 Ng2+
21. Ke2 Nxe3 22. Qg1 Nc4 23. Bxc4 Qxa1 24. Qe3 Qe5 25. Re1 Bd7 26. Bd3 O-O-O
27. Bxe4 Bb5+ 28. Kf3 Qh2 29. Qf4 Qxh3+ 30. Qg3 Qh6 31. g5 Qb6 32. Qg1 Qd6 33.
Qxa7 Bc6 34. b5 Bxe4+ 35. Rxe4 Qd1+ 36. Kg3 Qd5 37. Qe3 Qxb5 38. Nc3 Qf5 39.
Ra4 c6 40. Ra8+ Kc7 41. Rxd8 Kxd8 42. Qf4 1-0

[Event "14PCR_F"]
[Site "?"]
[Date "2005.??.??"]
[Round "?"]
[White "Koci, Vladimir"]
[Black "Slavik, Miroslav"]
[Result "0-1"]
[WhiteElo "2292"]
[BlackElo "2198"]
[PlyCount "70"]
[EventDate "2005.??.??"]
[EventType "corr"]
[SourceDate "2006.01.10"]

1. d4 Nf6 2. Nf3 e6 3. Bf4 b6 4. e3 Bb7 5. Nbd2 d6 6. Bd3 Be7 7. h3 c5 8. c3
Nc6 9. O-O e5 10. Bg5 O-O 11. dxc5 bxc5 12. Nh4 e4 13. Be2 Qd7 14. g4 h6 15.
Bxf6 Bxf6 16. Nf5 Ne5 17. f3 exf3 18. Nxf3 Rad8 19. Nxe5 Bxe5 20. Bf3 d5 21.
Bg2 Kh7 22. e4 dxe4 23. Qxd7 Rxd7 24. Rad1 Rfd8 25. Rxd7 Rxd7 26. Re1 Rd2 27.
Bxe4 Bh2+ 28. Kh1 Bxe4+ 29. Rxe4 Rxb2 30. a4 g6 31. Ne3 Kg7 32. h4 Bg3 33. h5
Kf6 34. hxg6 fxg6 35. Rc4 Re2 0-1

[Event "14PCR_F"]
[Site "?"]
[Date "2005.??.??"]
[Round "?"]
[White "Slavik, Miroslav"]
[Black "Kuchtova, Ruzena"]
[Result "1-0"]
[WhiteElo "2198"]
[BlackElo "2216"]
[PlyCount "93"]
[EventDate "2005.??.??"]
[EventType "corr"]
[SourceDate "2006.01.10"]

1. d4 d5 2. Nf3 Nf6 3. c4 e6 4. Nc3 Nbd7 5. e3 c6 6. Qc2 Bd6 7. b3 O-O 8. Bb2
e5 9. cxd5 cxd5 10. dxe5 Nxe5 11. Be2 Bg4 12. Qd2 Re8 13. Rd1 Nxf3+ 14. gxf3
Bh3 15. Rg1 g6 16. Nb5 Be5 17. Bxe5 Rxe5 18. Qd4 Rh5 19. f4 Rh4 20. Nc3 Be6 21.
Rh1 Rc8 22. Bf3 Qe7 23. Bg2 Bg4 24. Rc1 b5 25. Kd2 Rb8 26. h3 Be6 27. b4 a5 28.
a3 axb4 29. axb4 Rh5 30. Ke2 h6 31. Bf3 Rh4 32. Bg2 Rh5 33. Rhd1 Kg7 34. Bf3
Rxh3 35. Nxd5 Bxd5 36. Bxd5 Rh2 37. Bf3 Re8 38. Rc6 Rh4 39. Kf1 Rf8 40. Qc3 Rd8
41. Rxd8 Qxd8 42. Qe5 Qd3+ 43. Kg2 Qf5 44. Qxf5 gxf5 45. Kg3 Rg4+ 46. Bxg4 fxg4
47. Rb6 1-0

[Event "14PCR_F"]
[Site "?"]
[Date "2005.??.??"]
[Round "?"]
[White "Slavik, Miroslav"]
[Black "Pecka, Josef"]
[Result "1/2-1/2"]
[WhiteElo "2198"]
[BlackElo "2309"]
[PlyCount "107"]
[EventDate "2005.??.??"]
[EventType "corr"]
[SourceDate "2006.01.10"]

1. d4 d5 2. Nf3 Nf6 3. c4 c6 4. e3 Bf5 5. cxd5 cxd5 6. Qb3 Qc7 7. Bd2 Nc6 8.
Bb5 a6 9. Bxc6+ bxc6 10. Qa4 Qb7 11. O-O e6 12. Rc1 Bd6 13. Qxc6+ Qxc6 14. Rxc6
Ke7 15. Nc3 Rhc8 16. Rxc8 Rxc8 17. Rc1 Rc7 18. a3 Nd7 19. Na2 f6 20. Rxc7 Bxc7
21. Bb4+ Kd8 22. Bc5 Be4 23. Nd2 Bf5 24. b4 g5 25. f3 Bc2 26. g3 f5 27. Nc3
Nxc5 28. dxc5 Be5 29. Ne2 Bb2 30. Nd4 Ba4 31. f4 Bxa3 32. N2f3 gxf4 33. Nxe6+
Kc8 34. Nxf4 Bxb4 35. Nxd5 Bxc5 36. Nd4 a5 37. Kf2 Kd7 38. Ke2 Kd6 39. Nc3 Bd7
40. Kd3 Bb6 41. Kc4 a4 42. Nc2 h6 43. Nb5+ Ke5 44. Nc3 Ba5 45. Nb4 Be8 46. Nd3+
Kd6 47. Nb4 h5 48. Ne2 Bb6 49. Nc2 Bc5 50. Nc3 a3 51. e4 a2 52. e5+ Kc6 53. Kb3
Bf7+ 54. Kb2 1/2-1/2

[Event "14PCR_F"]
[Site "?"]
[Date "2005.??.??"]
[Round "?"]
[White "Firla, Stanislav"]
[Black "Mudra, Oldrich"]
[Result "1-0"]
[WhiteElo "2326"]
[BlackElo "2097"]
[PlyCount "85"]
[EventDate "2005.??.??"]
[EventType "corr"]
[SourceDate "2006.01.10"]

1. d4 Nf6 2. c4 e6 3. Nf3 d5 4. Nc3 c6 5. e3 Nbd7 6. Qc2 Bd6 7. Be2 O-O 8. O-O
Re8 9. b3 Qc7 10. Bb2 e5 11. c5 Bf8 12. b4 e4 13. Nd2 b6 14. a4 Nb8 15. Nb3 Be6
16. b5 Rc8 17. a5 Nbd7 18. Rfc1 bxc5 19. dxc5 Ng4 20. Bxg4 Bxg4 21. h3 Be6 22.
b6 Qb8 23. Na4 a6 24. Nd4 Qb7 25. Nxe6 fxe6 26. Rf1 Be7 27. f3 exf3 28. Rxf3
Rf8 29. Raf1 Rxf3 30. Rxf3 Bf6 31. e4 Ne5 32. Rf1 Rd8 33. Qb3 Nd7 34. exd5 exd5
35. Qe3 Kh8 36. Bxf6 Nxf6 37. Nb2 Qd7 38. Nd3 Kg8 39. Qf4 Qb7 40. Qg3 Rf8 41.
Qd6 Re8 42. Ne5 Ne4 43. Qd7 1-0

[Event "14PCR_F"]
[Site "?"]
[Date "2005.??.??"]
[Round "?"]
[White "Hladecek, Miloslav"]
[Black "Kuchtova, Ruzena"]
[Result "1-0"]
[WhiteElo "2306"]
[BlackElo "2216"]
[PlyCount "93"]
[EventDate "2005.??.??"]
[EventType "corr"]
[SourceDate "2006.01.10"]

1. e4 c6 2. d4 d5 3. e5 Bf5 4. Nf3 e6 5. Nbd2 Ne7 6. Nh4 Nd7 7. c3 c5 8. Nxf5
Nxf5 9. Nf3 cxd4 10. cxd4 Bb4+ 11. Bd2 Bxd2+ 12. Qxd2 O-O 13. Bd3 Nh4 14. Nxh4
Qxh4 15. O-O Nb8 16. f4 Nc6 17. Rac1 Rac8 18. Bb5 Ne7 19. Be2 Nf5 20. Rc3 Rxc3
21. Qxc3 h6 22. Bd3 Qh5 23. a4 Re8 24. a5 f6 25. Qb4 fxe5 26. dxe5 Qf7 27. Bxf5
exf5 28. Qd6 Re7 29. Rd1 Rd7 30. Qb8+ Qf8 31. Qxa7 Qb4 32. Qb8+ Kh7 33. e6 Re7
34. Qe5 Qxa5 35. Qxf5+ g6 36. Qxd5 Qb6+ 37. Kf1 Qa6+ 38. Kf2 Qb6+ 39. Kf3 Qxb2
40. f5 Qc3+ 41. Rd3 Qf6 42. g4 h5 43. h3 hxg4+ 44. hxg4 b6 45. Kf4 Ra7 46. Qd8
Kg7 47. Rd7+ 1-0

[Event "14PCR_F"]
[Site "?"]
[Date "2005.??.??"]
[Round "?"]
[White "Kuchtova, Ruzena"]
[Black "Nosek, Jaroslav"]
[Result "1/2-1/2"]
[WhiteElo "2216"]
[BlackElo "2284"]
[PlyCount "80"]
[EventDate "2005.??.??"]
[EventType "corr"]
[SourceDate "2006.01.10"]

1. d4 Nf6 2. c4 e6 3. Nf3 b6 4. e3 Bb4+ 5. Bd2 Be7 6. Bd3 Bb7 7. O-O O-O 8. Nc3
c5 9. dxc5 bxc5 10. e4 Nc6 11. e5 Ng4 12. Qe2 f6 13. exf6 Nxf6 14. Rad1 Qc7 15.
Bg5 Nb4 16. Ne5 Nxd3 17. Rxd3 d5 18. Nb5 Qb6 19. Bxf6 Rxf6 20. Nd7 Qc6 21.
Nxf6+ Bxf6 22. f3 d4 23. Re1 a6 24. Na3 Re8 25. Nb1 Bh4 26. Red1 Bg5 27. Qe5
Bf6 28. Qh5 g6 29. Qg4 Kg7 30. Nd2 Qa4 31. Rb3 Re7 32. a3 e5 33. Re1 Qa5 34.
Rd3 Qa4 35. Rc1 h5 36. Qg3 h4 37. Qh3 Bg5 38. Qg4 Be3+ 39. Rxe3 dxe3 40. Nf1 e2
1/2-1/2

[Event "14PCR_F"]
[Site "?"]
[Date "2005.??.??"]
[Round "?"]
[White "Firla, Stanislav"]
[Black "Nosek, Jaroslav"]
[Result "1/2-1/2"]
[WhiteElo "2326"]
[BlackElo "2284"]
[PlyCount "106"]
[EventDate "2005.??.??"]
[EventType "corr"]
[SourceDate "2006.01.10"]

1. c4 Nf6 2. Nf3 b6 3. g3 c5 4. Bg2 Bb7 5. O-O g6 6. e3 Bg7 7. d4 cxd4 8. exd4
O-O 9. Nc3 Ne4 10. Nxe4 Bxe4 11. d5 Na6 12. Re1 Nc5 13. Bf1 Bxf3 14. Qxf3 e5
15. Rb1 a5 16. d6 e4 17. Qd1 Re8 18. Be3 Rc8 19. a3 a4 20. Bxc5 bxc5 21. Qxa4
Bd4 22. Qc2 f5 23. b4 Rc6 24. Red1 Qf6 25. Kh1 Rxd6 26. a4 Ra8 27. Bg2 Rda6 28.
Qd2 d6 29. a5 Bc3 30. Qd5+ Qf7 31. bxc5 dxc5 32. Qxc5 Rxa5 33. Qc6 R8a7 34. g4
Rc7 35. Qb6 Qxc4 36. Qb8+ Kg7 37. Rb7 Rxb7 38. Qxb7+ Kh6 39. g5+ Kxg5 40. Qxh7
Qc6 41. h4+ Kf4 42. Rd3 Rc5 43. Qh6+ Ke5 44. f4+ Ke6 45. Qxg6+ Bf6 46. Qg8+ Ke7
47. Rd8 Rc1+ 48. Kh2 Rc2 49. Rb8 Rxg2+ 50. Kxg2 Qc2+ 51. Kh3 Qd3+ 52. Qg3 Qf1+
53. Kh2 Qe2+ 1/2-1/2

[Event "14PCR_F"]
[Site "?"]
[Date "2005.??.??"]
[Round "?"]
[White "Slavik, Miroslav"]
[Black "Pytlik, Lesek"]
[Result "0-1"]
[WhiteElo "2198"]
[BlackElo "2367"]
[PlyCount "130"]
[EventDate "2005.??.??"]
[EventType "corr"]
[SourceDate "2006.01.10"]

1. d4 Nf6 2. c4 g6 3. Nc3 d5 4. Nf3 Bg7 5. e3 O-O 6. b4 c6 7. Bb2 Bf5 8. Rc1
Nbd7 9. cxd5 cxd5 10. Be2 Rc8 11. O-O Nb6 12. Qb3 Bg4 13. h3 Bxf3 14. Bxf3 e6
15. Rc2 Nc4 16. Rfc1 Ne8 17. b5 Ned6 18. Ba3 Bh6 19. Bxd6 Nxd6 20. Kh1 Bg5 21.
a3 Nf5 22. Na2 Rxc2 23. Rxc2 Be7 24. Qa4 Qb6 25. Be2 Nd6 26. Nc1 Rc8 27. Rxc8+
Nxc8 28. Na2 Qd6 29. Nb4 Qb6 30. Na2 Kg7 31. Bd3 Qc7 32. g3 Qd6 33. Nb4 Qb6 34.
Kg2 Nd6 35. Na2 Nc4 36. Bxc4 dxc4 37. Nc3 a6 38. Qxc4 Bxa3 39. Kf3 Be7 40. Ke2
h6 41. f4 Qd6 42. d5 axb5 43. Nxb5 Qxd5 44. Qxd5 exd5 45. Kd3 f5 46. Nc7 h5 47.
Nxd5 Bc5 48. Nc3 Kf7 49. e4 Bf2 50. Ne2 Ke6 51. e5 Kd5 52. Nc3+ Kc6 53. Ne2 Kc5
54. Kd2 Kc4 55. h4 b5 56. Kc2 b4 57. Kb2 Kd3 58. e6 Bc5 59. Nc1+ Kc4 60. Kc2
Be7 61. Nb3 Kd5 62. Kd3 Bf6 63. Nd2 Kxe6 64. Kc4 Bc3 65. Nf3 Kd6 0-1

[Event "14PCR_F"]
[Site "?"]
[Date "2005.??.??"]
[Round "?"]
[White "Houdek, Vladimir"]
[Black "Janecek, Josef"]
[Result "1-0"]
[WhiteElo "2151"]
[BlackElo "2284"]
[PlyCount "75"]
[EventDate "2005.??.??"]
[EventType "corr"]
[SourceDate "2006.01.10"]

1. Nf3 Nf6 2. c4 g6 3. g3 Bg7 4. d4 O-O 5. Bg2 d6 6. Nc3 Nbd7 7. O-O a6 8. e4
c5 9. Be3 Ng4 10. Qe2 Nxe3 11. fxe3 cxd4 12. exd4 e5 13. d5 b5 14. cxb5 axb5
15. a3 Ba6 16. b4 f5 17. Kh1 Rc8 18. Rac1 Bh6 19. Rc2 Rc7 20. exf5 Qc8 21. Qe1
Rxf5 22. Bh3 Rf8 23. Rcf2 Qd8 24. Be6+ Kh8 25. Ne4 Rc1 26. Qe2 Rxf1+ 27. Qxf1
Be3 28. Re2 Bb6 29. Nxd6 Qe7 30. Ne4 Nf6 31. Kg2 Bb7 32. Nxf6 Qxf6 33. Rxe5 Bd4
34. Re4 Ba1 35. Rf4 Qb2+ 36. Kh3 Rxf4 37. gxf4 Qxa3 38. Kg4 1-0

[Event "14PCR_F"]
[Site "?"]
[Date "2005.??.??"]
[Round "?"]
[White "Mudra, Oldrich"]
[Black "Slavik, Miroslav"]
[Result "1/2-1/2"]
[WhiteElo "2097"]
[BlackElo "2198"]
[PlyCount "86"]
[EventDate "2005.??.??"]
[EventType "corr"]
[SourceDate "2006.01.10"]

1. Nf3 d5 2. d4 Nf6 3. c4 e6 4. Nc3 Nbd7 5. cxd5 exd5 6. Bf4 c6 7. Qc2 Be7 8.
h3 O-O 9. e3 Re8 10. Bd3 Nf8 11. O-O Ng6 12. Bh2 Be6 13. a3 Nd7 14. Rfc1 a6 15.
Re1 Rc8 16. b4 Nb6 17. Ne2 Nd7 18. Rab1 Bf6 19. a4 Nb6 20. Nd2 Qe7 21. a5 Nd7
22. Ng3 Ndf8 23. Nb3 Rcd8 24. Qc5 Nh4 25. Qb6 Bc8 26. Qc5 g6 27. Re2 h6 28.
Qxe7 Rxe7 29. Nc5 Nf5 30. Bxf5 Bxf5 31. Nxf5 gxf5 32. Rc2 h5 33. Nd3 Ne6 34.
Rd1 Bg5 35. Kf1 f4 36. Nxf4 Bxf4 37. Bxf4 Nxf4 38. exf4 Rde8 39. Rcc1 Kf8 40.
Re1 Re4 41. Rcd1 Rxf4 42. Rxe8+ Kxe8 43. g3 Rf3 1/2-1/2

[Event "14PCR_F"]
[Site "?"]
[Date "2005.??.??"]
[Round "?"]
[White "Bednarik, Radovan"]
[Black "Mudra, Oldrich"]
[Result "0-1"]
[WhiteElo "2201"]
[BlackElo "2097"]
[PlyCount "72"]
[EventDate "2005.??.??"]
[EventType "corr"]
[SourceDate "2006.01.10"]

1. d4 Nf6 2. c4 e6 3. Nf3 d5 4. e3 c6 5. Nc3 Nbd7 6. Bd3 dxc4 7. Bxc4 b5 8. Bd3
Bb7 9. O-O b4 10. Ne4 Be7 11. Nxf6+ Nxf6 12. Qc2 Rc8 13. Qa4 O-O 14. Qxa7 Qc7
15. e4 Ra8 16. Bf4 Qc8 17. Qb6 Ba6 18. Ne5 Bxd3 19. Nxd3 Ra6 20. Qc7 Qxc7 21.
Bxc7 Nxe4 22. f3 Nf6 23. Rfc1 Nd5 24. Bg3 h5 25. Ne5 Rc8 26. h4 f6 27. Ng6 Bd8
28. Nf4 Nxf4 29. Bxf4 Bb6 30. Rc4 e5 31. Be3 Rca8 32. Rac1 Rxa2 33. Rxb4 Ba7
34. Rxc6 exd4 35. Bxd4 Bxd4+ 36. Rxd4 Rxb2 0-1